LDR 00762naa#a2200217#i#450# 001 EN\\bibl\121405 005 20260428225154.2 011 ## _a1994-4683 100 ## _a20230531b2023####ek#y0engy0150####ca 102 ## _aRU 200 1# _aTRAINING LOAD MANAGEMENT OF BEGINNER SKIERS UNDER THE CONDITIONS OF SHORT-TERM CAMPS IN THE MIDDLE-HIGH REGION _eJournal article 210 1# _aMoscow _cNational State University of Physical Education, Sports and Health named after P.F. Lesgaft _d2023 215 ## _a5 с. 608 ## _aJournal article _2local 675 ## _aЛыжный спорт. Бег на лыжах. Лыжные гонки. Лыжный кросс. 796.92 _z 700 #1 _a _g 700 #1 _a _g 700 #1 _a _g 700 #1 _a _g 700 #1 _a _g 856 4# _auchzapiski.lesgaft.spb.ru _u